[Event "Let's Play Chess!"]
[Site "http://www.queenalice.com/game.php?id=1815033"]
[Date "2023.6.28"]
[Round "-"]
[White "diedoofen"]
[Black "patkar"]
[Result "1/2-1/2"]
[WhiteElo "2333"]
[BlackElo "2108"]

1. Nf3 d5 2. d4 c6 3. Bf4 Qb6 4. Nbd2 Bf5 5. e3 Nf6 6. b4 e6 7. a3 a5 8. Be2 Be7
9. O-O Nh5 10. Bxb8 Rxb8 11. Ne5 Nf6 12. c4 Qc7 13. g4 Bg6 14. f4 Ne4 15. f5
Nxd2 16. Qxd2 f6 17. cxd5 exd5 18. Nxc6 bxc6 19. fxg6 hxg6 20. Bd3 g5 21. bxa5
Rh4 22. Rf2 Rxg4+ 23. Kf1 Rh4 24. a6 Bd6 25. Ra2 Ke7 26. a4 g4 27. a5 g3 28.
hxg3 Bxg3 29. Rg2 Rh1+ 30. Rg1 Rxg1+ 31. Kxg1 Qd7 32. Qg2 Qg4 33. a7 Ra8 34. a6
Rxa7 35. Rc2 Kd6 36. Rxc6+ Kxc6 37. Qc2+ Kd6 38. Bf5 Bh2+ 39. Kxh2 Qh4+ 40. Bh3
Rc7 41. Qa2 f5 42. a7 Rxa7 43. Qxa7 Qf2+ 44. Bg2 Qh4+ 45. Bh3 Qf2+ 46. Bg2 Qh4+
47. Bh3 Qf2+ 1/2-1/2

[Event "Let's Play Chess!"]
[Site "http://www.queenalice.com/game.php?id=1815036"]
[Date "2023.6.28"]
[Round "-"]
[White "patkar"]
[Black "diedoofen"]
[Result "1-0"]
[WhiteElo "2140"]
[BlackElo "2409"]

1. Nc3 Nc6 2. e4 e6 3. d4 Bb4 4. a3 Bxc3+ 5. bxc3 Nge7 6. Bd3 O-O 7. Qh5 Qe8 8.
Ne2 f5 9. Qh3 d5 10. e5 Nd8 11. O-O c5 12. dxc5 Bd7 13. f4 Rc8 14. Be3 Bc6 15.
Rab1 a6 16. Nd4 Rc7 17. Rb2 h6 18. Rfb1 Rf7 19. Be2 Qf8 20. Bh5 g6 21. Be2 Rh7
22. Qh4 Qe8 23. h3 Bd7 24. Nf3 Bc6 25. Kh2 Ba4 26. c4 dxc4 27. Bxc4 Bc6 28. Nd4
Bd5 29. Bb3 g5 30. Qg3 Rg7 31. fxg5 Qg6 32. h4 Bxb3 33. Rxb3 Nd5 34. Rd1 Nc6 35.
Nf3 Rcd7 36. Bf2 Ne3 37. Rdb1 Ng4+ 38. Kg1 hxg5 39. Nxg5 Ngxe5 40. Re1 Qf6 41.
Qf4 Ng6 42. Qc4 Nge5 43. Qxe6+ Qxe6 44. Nxe6 Rge7 45. Nf4 Ng4 46. Rxe7 Rxe7 47.
g3 Kf7 48. Kg2 a5 49. Bg1 Nge5 50. Nd3 Ng4 51. Rb1 Re2+ 52. Kf3 Rxc2 53. Rxb7+
Ke6 54. Rb6 Kd5 55. h5 Ra2 56. h6 Nxh6 57. Nf4+ Kc4 58. Rxc6 Rxa3+ 59. Kg2 Ra2+
60. Kh3 Nf7 61. Rf6 1-0

[Event "AUTO-MASTER-3173"]
[Site "http://www.queenalice.com/game.php?id=1815307"]
[Date "2023.6.30"]
[Round "1"]
[White "patkar"]
[Black "mennecy91"]
[Result "1-0"]
[WhiteElo "2174"]
[BlackElo "2111"]

1. Nc3 c5 2. Nf3 Nc6 3. e4 g6 4. d4 cxd4 5. Nxd4 Bg7 6. Be3 Nf6 7. Bc4 O-O 8.
Bb3 d6 9. f3 a6 10. Qd2 Bd7 11. h4 h5 12. O-O-O Rc8 13. Kb1 Na5 14. g4 Nxb3 15.
axb3 Qa5 16. g5 Ne8 17. Nd5 Qxd2 18. Nxe7+ Kh7 19. Rxd2 Rc7 20. Nd5 Rc8 21. Nb6
Rc7 22. Nxd7 Rxd7 23. Rhd1 d5 24. Ne2 Nc7 25. exd5 Rfd8 26. c4 Be5 27. f4 Bg7
28. Bd4 b5 29. Bxg7 Kxg7 30. Nd4 1-0

[Event "AUTO-MASTER-3173"]
[Site "http://www.queenalice.com/game.php?id=1815308"]
[Date "2023.6.30"]
[Round "1"]
[White "mennecy91"]
[Black "patkar"]
[Result "0-1"]
[WhiteElo "2101"]
[BlackElo "2186"]

1. c4 e5 2. Nc3 d6 3. g3 g6 4. Bg2 Bg7 5. d3 Nc6 6. e4 h5 7. Nge2 Be6 8. Be3 h4
9. h3 hxg3 10. fxg3 Qd7 11. Nd5 Nce7 12. Qb3 c6 13. Nxe7 Nxe7 14. g4 d5 15. O-O
d4 16. Bg5 b5 17. Rad1 a5 18. Qc2 c5 19. b3 b4 20. Bf6 Bxf6 21. Rxf6 a4 22. Rdf1
axb3 23. axb3 Qa7 24. Qb2 Qa2 25. Qxa2 Rxa2 26. Nc1 Ra1 27. Ne2 Ra3 28. Rb1 Kd7
29. Kf1 Rha8 30. Ng1 Ra1 31. Rxa1 Rxa1+ 32. Kf2 Rb1 33. Nf3 Rb2+ 34. Kg1 Kd6 35.
Ng5 Rxb3 36. Nxf7+ Kd7 37. Nxe5+ Kd6 38. Nxg6 Nxg6 39. Rxg6 Rxd3 40. Rf6 b3 41.
Bf1 Rd1 42. Rf2 Bxc4 43. g5 Rxf1+ 44. Rxf1 Bxf1 45. Kxf1 b2 46. g6 b1=Q+ 0-1

[Event "Challenge"]
[Site "http://www.queenalice.com/game.php?id=1815423"]
[Date "2023.7.1"]
[Round "-"]
[White "JJerzy"]
[Black "patkar"]
[Result "0-1"]
[WhiteElo "2054"]
[BlackElo "2130"]

1. d4 Nf6 2. Nf3 e6 3. c4 d5 4. e3 a6 5. h3 c5 6. Nc3 Nc6 7. a3 dxc4 8. Bxc4 b5
9. Bd3 Bb7 10. O-O Bd6 11. Ne4 Nxe4 12. Bxe4 f5 13. Bd3 c4 14. Be2 Qf6 15. d5
exd5 16. Qxd5 Na5 17. Qd4 Qg6 18. Nh4 Nb3 19. Nxg6 Nxd4 20. exd4 hxg6 21. f4 Kf7
22. Bf3 Bxf3 23. Rxf3 Rhe8 24. Re3 Be7 25. Rf3 Bf6 26. Rb1 Re1+ 27. Kh2 Bxd4 28.
g4 Rae8 29. Rg3 Bf2 30. Rg2 Rf1 31. gxf5 gxf5 32. h4 Ree1 33. Kh3 Rh1+ 34. Rh2
Be3 35. Rxh1 Rxh1+ 36. Kg2 Rxc1 0-1

[Event "Challenge"]
[Site "http://www.queenalice.com/game.php?id=1815424"]
[Date "2023.7.1"]
[Round "-"]
[White "patkar"]
[Black "JJerzy"]
[Result "1-0"]
[WhiteElo "2096"]
[BlackElo "2069"]

1. Nc3 d5 2. e4 dxe4 3. Nxe4 e6 4. d4 Nf6 5. Nxf6+ Qxf6 6. Nf3 Qd8 7. Bd3 Nd7 8.
O-O Be7 9. Qe2 Nf6 10. c3 c6 11. Bf4 Nh5 12. Bd2 Nf6 13. Ne5 O-O 14. Rae1 c5 15.
dxc5 Bxc5 16. Bg5 Be7 17. Rd1 Qe8 18. Bb5 Bd7 19. Nxd7 Nxd7 20. Bxd7 Qd8 21.
Bxe6 Qe8 22. Bd7 1-0

[Event "AUTO-OPEN-4354"]
[Site "http://www.queenalice.com/game.php?id=1819674"]
[Date "2023.8.27"]
[Round "3"]
[White "zhiii00"]
[Black "patkar"]
[Result "1-0"]
[WhiteElo "2371"]
[BlackElo "2184"]

1. d4 Nf6 2. c4 e6 3. Nf3 d5 4. Nc3 c6 5. e3 Nbd7 6. Bd3 dxc4 7. Bxc4 b5 8. Bd3
Bb7 9. e4 b4 10. Na4 c5 11. e5 Nd5 12. Nxc5 Nxc5 13. dxc5 Bxc5 14. Qe2 Qb6 15.
O-O h6 16. Rd1 O-O 17. Bd2 a5 18. Rac1 Rac8 19. Bb1 Rfd8 20. Be1 Nf4 21. Rxd8+
1-0

[Event "AUTO-OPEN-4354"]
[Site "http://www.queenalice.com/game.php?id=1819675"]
[Date "2023.8.27"]
[Round "3"]
[White "patkar"]
[Black "zhiii00"]
[Result "0-1"]
[WhiteElo "2178"]
[BlackElo "2377"]

1. e4 c5 2. Nf3 Nc6 3. d4 cxd4 4. Nxd4 Nf6 5. Nc3 e5 6. Ndb5 d6 7. Bg5 a6 8. Na3
b5 9. Nd5 Be7 10. Bxf6 Bxf6 11. c3 Bg5 12. Nc2 O-O 13. a4 bxa4 14. Rxa4 a5 15.
Bc4 Rb8 16. b3 Kh8 17. Nce3 g6 18. h4 Bxe3 19. Nxe3 f5 20. h5 g5 21. exf5 Bxf5
0-1

[Event "Let's Play Chess!"]
[Site "http://www.queenalice.com/game.php?id=1831509"]
[Date "2024.2.16"]
[Round "-"]
[White "patkar"]
[Black "igor12345"]
[Result "1-0"]
[WhiteElo "2262"]
[BlackElo "2074"]

1. e4 c5 2. Nf3 d6 3. Bb5+ Bd7 4. c4 Nc6 5. Nc3 Nf6 6. d4 cxd4 7. Nxd4 a6 8.
Bxc6 bxc6 9. O-O c5 10. Nde2 e6 11. f4 Be7 12. Ng3 O-O 13. Qe2 Bc6 14. b3 Qc7
15. Bb2 Nd7 16. Rae1 Bf6 17. Nd1 Bxb2 18. Nxb2 Rae8 19. Qd1 Nf6 20. Qc2 Nd7 21.
Rd1 Nf6 22. Rd2 Kh8 23. Nd1 Rd8 24. Nc3 Ng4 25. Re1 Nf6 26. Qd1 g6 27. Qa1 e5
28. f5 Qe7 29. Rf1 Rg8 30. Qd1 Rgf8 31. Rdf2 Kg7 32. Qf3 Bd7 33. h3 Kh8 34. Qe3
Rb8 35. Qg5 Ng8 36. f6 Qd8 37. Nd5 Be6 38. Nf5 Bxd5 39. exd5 Rb7 40. h4 Rd7 41.
Ng3 h6 42. Qg4 Kh7 43. h5 a5 44. Ne4 Qe8 45. Rf3 Qd8 46. Rg3 Qe8 47. Ng5+ hxg5
48. hxg6+ fxg6 49. Qh3+ Nh6 50. Qxh6+ Kg8 51. Rh3 1-0

[Event "Let's Play Chess!"]
[Site "http://www.queenalice.com/game.php?id=1831510"]
[Date "2024.2.16"]
[Round "-"]
[White "igor12345"]
[Black "patkar"]
[Result "0-1"]
[WhiteElo "2144"]
[BlackElo "2221"]

1. e4 d5 2. exd5 Qxd5 3. Nc3 Qd6 4. d4 Nf6 5. h3 a6 6. a3 b5 7. Nf3 Bb7 8. Be3
Nbd7 9. Be2 e6 10. Qd3 c5 11. O-O-O c4 12. Qd2 Nd5 13. Bg5 N7b6 14. Ne4 Qc7 15.
c3 a5 16. Bh4 b4 17. Bg3 Qc6 18. Qc2 Nxc3 19. bxc3 b3 20. Ne5 Bxa3+ 21. Kd2 bxc2
22. Nxc6 cxd1=Q+ 23. Rxd1 Bxc6 24. f3 Ke7 25. Ra1 Bxe4 26. Rxa3 Bd3 27. Bxd3
cxd3 28. Kxd3 Rhc8 29. Bf4 a4 30. g3 Nc4 0-1

[Event "AUTO-MASTER-3173"]
[Site "http://www.queenalice.com/game.php?id=1833409"]
[Date "2024.3.14"]
[Round "2"]
[White "diedoofen"]
[Black "patkar"]
[Result "1/2-1/2"]
[WhiteElo "2528"]
[BlackElo "2246"]

1. e4 e5 2. Nf3 Nc6 3. d4 exd4 4. Nxd4 Nf6 5. Nc3 Bb4 6. Nxc6 bxc6 7. Bd3 d5 8.
exd5 O-O 9. O-O cxd5 10. Bg5 c6 11. Re1 h6 12. Bh4 Be6 13. a3 Bd6 14. b4 a5 15.
b5 c5 16. a4 c4 17. Bf1 Bb4 18. Qd4 Rc8 19. Rad1 Bc5 20. Qd2 Bb4 21. Qd4 Bc5 22.
Qd2 Bb4 23. Qd4 Bc5 1/2-1/2

[Event "AUTO-MASTER-3173"]
[Site "http://www.queenalice.com/game.php?id=1833410"]
[Date "2024.3.14"]
[Round "2"]
[White "patkar"]
[Black "diedoofen"]
[Result "1/2-1/2"]
[WhiteElo "2254"]
[BlackElo "2522"]

1. e4 e5 2. Nf3 Nc6 3. d4 exd4 4. Nxd4 Qf6 5. Be3 Bc5 6. c3 d6 7. Be2 Qg6 8. O-O
Nf6 9. f3 O-O 10. Nc2 Be6 11. Qd2 Rad8 12. Bxc5 dxc5 13. Qe3 Rfe8 14. Nba3 Nd7
15. Qf2 a6 16. Ne3 Ne7 17. Rfd1 f5 18. exf5 Nxf5 19. Bd3 Ne5 20. Bc2 Rxd1+ 21.
Rxd1 Qf7 22. Nxf5 Bxf5 23. Bxf5 Qxf5 24. Qd2 Ng6 25. Nc2 c4 26. Re1 Rxe1+ 27.
Nxe1 1/2-1/2

[Event "AUTO-MASTER-3173"]
[Site "http://www.queenalice.com/game.php?id=1833413"]
[Date "2024.3.14"]
[Round "2"]
[White "patkar"]
[Black "CCapivara"]
[Result "1-0"]
[WhiteElo "2195"]
[BlackElo "2248"]

1. e4 d6 2. d4 Nf6 3. Nc3 c6 4. f4 Qc7 5. Nf3 Bg4 6. h3 Bc8 7. Bd3 Nbd7 8. e5
Nd5 9. Nxd5 cxd5 10. Ng5 h6 11. Nxf7 Kxf7 12. Qh5+ Kg8 13. e6 1-0

[Event "AUTO-MASTER-3173"]
[Site "http://www.queenalice.com/game.php?id=1833414"]
[Date "2024.3.14"]
[Round "2"]
[White "CCapivara"]
[Black "patkar"]
[Result "0-1"]
[WhiteElo "2225"]
[BlackElo "2209"]

1. e4 d5 2. Nf3 e6 3. exd5 exd5 4. d4 Bd6 5. Bd3 Ne7 6. O-O Nbc6 7. c3 Bg4 8.
Be3 Qd7 9. Nbd2 O-O-O 10. Qc2 h5 11. b4 Bf5 12. a4 Bxd3 13. Qxd3 Qf5 14. Qxf5+
Nxf5 15. Rae1 f6 16. Re2 Rde8 17. Rfe1 Re7 18. Nb3 Rhe8 19. Kf1 g5 20. Bd2 Rxe2
21. Rxe2 Rxe2 22. Kxe2 g4 23. Ne1 Bxh2 24. Nc5 Nd8 25. Ned3 b6 26. Na6 Ne6 27.
g3 h4 28. Nf4 hxg3 29. fxg3 Nxf4+ 30. Bxf4 Bxg3 31. Bxg3 Nxg3+ 32. Kf2 Ne4+ 33.
Ke3 Nxc3 0-1

[Event "AUTO-ELITE-2530"]
[Site "http://www.queenalice.com/game.php?id=1834590"]
[Date "2024.4.3"]
[Round "1"]
[White "trompmaster"]
[Black "patkar"]
[Result "1-0"]
[WhiteElo "2504"]
[BlackElo "2293"]

1. Nf3 d5 2. c4 e6 3. g3 Nf6 4. Bg2 d4 5. O-O c5 6. e3 Nc6 7. d3 Bd6 8. exd4
cxd4 9. Bg5 h6 10. Bxf6 Qxf6 11. Nbd2 Qe7 12. a3 a5 13. Re1 O-O 14. Nb3 Qf6 15.
Nfd2 Bc7 16. c5 a4 17. Ne4 Qe7 18. Nbd2 Bd7 19. Nc4 Na5 20. Ned6 Nxc4 21. Nxc4
Bc6 22. Bxc6 bxc6 23. Rc1 Rfb8 24. f4 Rb5 25. Rc2 Rxc5 26. Nd2 Ba5 27. Rxc5 Qxc5
28. Re5 Qf8 29. Nc4 Bc7 30. Re2 Qb8 31. b4 Qb5 32. Re1 g6 33. Qc2 h5 34. Ne5 c5
35. Qxc5 1-0

[Event "AUTO-ELITE-2530"]
[Site "http://www.queenalice.com/game.php?id=1834591"]
[Date "2024.4.3"]
[Round "1"]
[White "patkar"]
[Black "trompmaster"]
[Result "0-1"]
[WhiteElo "2287"]
[BlackElo "2508"]

1. e4 d6 2. d4 Nf6 3. Nc3 e5 4. Nf3 Nbd7 5. Bc4 Be7 6. O-O c6 7. a4 Qc7 8. Re1
O-O 9. h3 b6 10. Ba2 a6 11. Be3 Bb7 12. Nh4 g6 13. dxe5 Nxe5 14. Bh6 Rfe8 15. f4
Ned7 16. Qd2 d5 17. e5 Nh5 18. Nf3 Ng3 19. Kh2 Nf5 20. Bg5 Bxg5 21. Nxg5 h6 22.
Nf3 a5 23. g4 Ng7 24. Ne2 Ne6 25. Ned4 Nxd4 26. Nxd4 Ba6 27. c3 Nc5 28. Bb1 f6
29. Bxg6 fxe5 30. Bxe8 Rxe8 31. fxe5 Ne4 32. Qf4 Qxe5 33. Qxe5 Rxe5 34. Nxc6 Re6
35. Nd4 Rf6 0-1

[Event "AUTO-ELITE-2530"]
[Site "http://www.queenalice.com/game.php?id=1834594"]
[Date "2024.4.3"]
[Round "1"]
[White "raulzampronha"]
[Black "patkar"]
[Result "0-1"]
[WhiteElo "2258"]
[BlackElo "2282"]

1. d4 Nf6 2. c4 e6 3. Nc3 Bb4 4. e3 O-O 5. Bd3 c5 6. Nf3 Nc6 7. O-O Bxc3 8. bxc3
d6 9. e4 e5 10. d5 Ne7 11. Nh4 h6 12. f4 Ng6 13. Nxg6 fxg6 14. fxe5 dxe5 15. Be3
Qd6 16. Kh1 Bd7 17. Rb1 b6 18. a4 Rab8 19. Qc2 g5 20. Qa2 a5 21. Rb2 Nh5 22.
Rfb1 Nf4 0-1